000 nam a22 7a 4500
999 _c30607
_d30606
003 OSt
005 20180221104917.0
008 180221b ||||| |||| 00| 0 eng d
040 _aMMU
_beng
_cMMU
_dMMU
050 _aPC2129.F79 2014
245 _aFrench 1002/
_cPaul Veneson
260 _aOntario:
_bWestern University,
_c2014.
300 _a75p.;
650 _afrench1002
942 _2lcc
_cLOAN LOAN